000
00306nam a2200145Ia 4500
100
_a
Bose/B.K
942
_c
BK
654
_a
power electronics
245
_a
Modern Power Electronics
260
_b
Jaico Pub
_a
Bombay
_c
2001
082
_a
621.381
_b
BOS
300
_a
595
546
_a
ENGLISH
999
_c
29784
_d
29784